Statistics for Tallest Mountains In Italy Quiz

Click here to take the quiz!

General Stats

  • This quiz has been taken 3 times
  • The average score is 3 of 15

Answer Stats

HeightRegionAnswer% Correct
4.061Aosta ValleyGran Paradiso
100%
3.905Trentino Alto AdigeOrtles
67%
3.769LombardyCevedale
33%
3.851LombardyGran Zebrù
33%
3.841PiedmontMonviso
33%
3.753Trentino Alto AdigeZebrù
33%
3.642Aosta ValleyCiarforon
0%
3.678LombardyDisgrazia
0%
4.208Aosta Valley
Les Grandes
Jorasses
0%
3.969Aosta ValleyLa Grivola
0%
4.272Aosta ValleyNose of the
Liskamm
0%
3.708LombardyPalon de la Mare
0%
3.678LombardyPunta San Matteo
0%
4.632PiedmontRosa
0%
3.654PiedmontVioz
0%

Score Distribution

Percentile by Number Answered

Percent of People with Each Score

Your Score History

You have not taken this quiz